| 000 | 00949nam a2200241 a 4500 | ||
|---|---|---|---|
| 001 | 000015234 | ||
| 003 | DO-SdBNP | ||
| 005 | 20250129073605.0 | ||
| 008 | 100203s2008 dr a 000 0 spa d | ||
| 020 | _a9789945866506 | ||
| 040 |
_aDO-SdBNP _bspa _cBNPHU |
||
| 082 |
_a972.9304 _bN964r |
||
| 100 | 1 |
_aNúñez, Juan Gilberto _934480 |
|
| 245 | 1 | 3 |
_aLa Restauración de la independencia dominicana / _cJuan Gilberto Núñez ; prólogo Juan Daniel Balcácer. |
| 260 |
_aSanto Domingo : _bFundación Luces y Sombras: _bProyecto Patriótico de Cultura Cívica, _c2008. |
||
| 300 |
_a117 p. : _bil. ; _c23 cm. |
||
| 500 | _aIncluye datos biográficos del autor en la solapa de la cubierta | ||
| 590 | _aInventariado, 2020/YL | ||
| 650 | 4 |
_aRepública dominicana _xHistoria _yRestauración, 1863-1865 _9585 |
|
| 700 | 1 |
_aBalcácer, Juan Daniel, _d1949- _epróloguista _4prol. _96566 |
|
| 910 | _aValidado. Control de calidad MMOLINA | ||
| 942 |
_2ddc _cLBS1 |
||
| 999 |
_c14803 _d14803 |
||